2020-2021 UEFA Champions League Teams Map Quiz - Statistics

General Stats
  • This quiz has been taken 458 times
  • The average score is 25 of 32
Answers on the Map
Answers color-coded by a green-red scale on the quiz's map according to % correct below.
 
Answer Stats
Team % Correct
Barcelona
97%
Liverpool
97%
Manchester United
96%
Real Madrid
96%
Chelsea
95%
Paris Saint-Germain
95%
Bayern Munich
94%
Manchester City
94%
Porto
92%
Inter Milan
91%
Borussia Dortmund
89%
Juventus
88%
Ajax
87%
Marseille
86%
Sevilla
86%
RB Leipzig
80%
Zenit Saint Petersburg
79%
Atlético Madrid
77%
Dynamo Kyiv
76%
Lazio
73%
Club Brugge
72%
Lokomotiv Moscow
71%
Olympiacos
71%
Atalanta
67%
Red Bull Salzburg
67%
Shakhtar Donetsk
67%
İstanbul Başakşehir
58%
Borussia Mönchengladbach
54%
Rennes
54%
Ferencváros
45%
Krasnodar
39%
Midtjylland
37%
No matching quizzes found
Score Distribution
Percent of People with Each Score
Percentile by Number Answered
Your Score History
You have not taken this quiz